| 000 | 00581nam a2200181 4500 | ||
|---|---|---|---|
| 001 | 138431 | ||
| 003 | ES-MaACL | ||
| 005 | 20230906195550.0 | ||
| 007 | t| | ||
| 008 | 070214s1972 sp r ||||1| spa d | ||
| 100 | 1 |
_aSangines Fumero, María. _9103139 |
|
| 245 | 1 | 0 |
_aZapatitos de ganchillo _b: (comedia en tres actos) ; y Damián : (comedia en dos actos) / _cMaría Sangines Fumero. |
| 250 | _a1ª ed. | ||
| 260 |
_aBilbao : _bComunicación Literaria de Autores, _c1972 ( _fAyala) |
||
| 300 |
_a82 p. ; _c17 cm. |
||
| 740 | 0 | _aDamián. | |
| 852 |
_aES-MaACL _jC-43910 _bR.82362 |
||
| 999 |
_c138431 _d138431 |
||